000 00803nam a22002657a 4500
005 20230512223704.0
008 210430t xxu||||| |||| 00| 0 eng d
020 _a9789352691166
040 _cCSPC
082 0 _a005.4
_bJ199o
100 _aJain, Suchi
_eauthor.
245 0 0 _aOperating system
_cSuchi Jain
260 _aNew Delhi :
_bRandom Publications,
_c2019.
300 _aviii, 296 pages :
_billustrations, tables ;
_c25 cm.
336 _2rdacontent
_atext
337 _2rdamedia
_aunmediated
338 _2rdacarrier
_avolume
500 _aIncludes index,
504 _aIncludes bibliography pages (293-294).
650 1 0 _aOperating systems (Computers).
940 _aLenie
942 _cBOOK
_jCIR 005.4 J199o 2019
999 _c11313
_d11313